Marx's Theory of Land, Rent and Cities.

Bibliographic Details
Main Author: Munro, Don.
Format: eBook
Language:English
Published: Basel/Berlin/Boston : Edinburgh University Press, 2022.
Edition:1st ed.
Series:Edinburgh Studies in Urban Political Economy Series
Subjects:
Online Access:Click to View
LEADER 01512nam a22003613i 4500
001 EBC30469320
003 MiAaPQ
005 20231204023230.0
006 m o d |
007 cr cnu||||||||
008 231204s2022 xx o ||||0 eng d
020 |a 9781474490061  |q (electronic bk.) 
035 |a (MiAaPQ)EBC30469320 
035 |a (Au-PeEL)EBL30469320 
040 |a MiAaPQ  |b eng  |e rda  |e pn  |c MiAaPQ  |d MiAaPQ 
082 0 |a 330.91732 
100 1 |a Munro, Don. 
245 1 0 |a Marx's Theory of Land, Rent and Cities. 
250 |a 1st ed. 
264 1 |a Basel/Berlin/Boston :  |b Edinburgh University Press,  |c 2022. 
264 4 |c Ã2022. 
300 |a 1 online resource (222 pages) 
336 |a text  |b txt  |2 rdacontent 
337 |a computer  |b c  |2 rdamedia 
338 |a online resource  |b cr  |2 rdacarrier 
490 1 |a Edinburgh Studies in Urban Political Economy Series 
588 |a Description based on publisher supplied metadata and other sources. 
590 |a Electronic reproduction. Ann Arbor, Michigan : ProQuest Ebook Central, 2023. Available via World Wide Web. Access may be limited to ProQuest Ebook Central affiliated libraries.  
655 4 |a Electronic books. 
776 0 8 |i Print version:  |a Munro, Don  |t Marx's Theory of Land, Rent and Cities  |d Basel/Berlin/Boston : Edinburgh University Press,c2022 
797 2 |a ProQuest (Firm) 
830 0 |a Edinburgh Studies in Urban Political Economy Series 
856 4 0 |u https://ebookcentral.proquest.com/lib/matrademy/detail.action?docID=30469320  |z Click to View